000 00452nam a2200181Ia 4500
008 230612s9999 xx 000 0 und d
041 _aeng
082 _a621.381 045 MOT
100 _aMotorola
245 _aOptoelectronics Device Data
260 _c1987
_bMotorola
300 _a369
_cRef 64 E (1747)
365 _cRs.
_b270.00
500 _a64 E
700 _aMotorola
906 _dB:963719-Mar-1993
_cETC
_b40.5
999 _c166029
_d166029